Duma key / (Registro nro. 2736)

Detalles MARC
000 -LEADER
fixed length control field 01575nam a2200205 a 4500
008 - CAMPO DE CONTROL (LIBRO)
fixed length control field 180515e2011 ag ||||e |||| 00| 1 spa d
020 ## - INTERNATIONAL STANDARD BOOK NUMBER
ISBN 9789875666436
041 ## - CODIGO DE IDIOMA
Código de idioma del texto/pista de sonido o título separado spa
092 ## - SIGNATURA TOPOGRAFICA DEWEY LOCAL
número de clasificación 808
libristica 46
sección KIN
100 1# - ENTRADA PRINCIPAL--NOMBRE PERSONAL
Nombre personal King, Stephen
9 (RLIN) 3910
245 ## - TITULO PROPIAMENTE DICHO
Título Duma key /
Mención de responsabilidad y remanente de la transcripción de la portada Stephen King
250 ## - MENCION DE EDICION
Mención de edición 1a ed.
Mención de responsabilidad relacionada con la ed. Traducción de José Oscar Hernández Sendin
260 ## - PIE DE IMPRENTA
Lugar de publicación, distribución, etc Buenos Aires:
Nombre de la editorial, distribuidor, etc Debolsillo;
Fecha de publicación 2011.
300 ## - DESCRIPCION FISICA
Extension 725 p.
500 ## - NOTA GENERAL
Nota general King, S. (2011). Duma key. (1a ed.). Buenos Aires : Debolsillo.
505 ## - NOTA DE CONTENIDO
Nota de contenido formateada Edgar Freemantle pierde el brazo en un terrible accidente que también le retuerce la mente y la memoria para dejarlo lleno de rabia, y solo rabia, cuando empieza el proceso de recuperación. Su matrimonio, que le dio dos hijas maravillosas, se ha roto y Edgar quisiera no haber sobrevivido a las graves heridas que le produjo el accidente. Quiere huir. Su psicólogo, el doctor Kamen, le propone que empiece una nueva vida. Edgar alquila una casa en Duma Key, un terreno de la costa de Florida. Allí comienza a dibujar. En la plata entabla amistad con Wireman, otro hombre a quien le cuesta hablar de sus heridas, y con la anciana Elizabeth Eastlake. Entonces descubre en sí mismo un talento artístico extraordinariamente peligroso. Muchos de sus cuadros contienen un poder que ni él sabe controlar. A medida que se van descubriendo los fantasmas de la infancia de Elizabeth, el poder destructivo de los cuadros se convierte en algo realmente devastador.
590 ## - NOTAS LOCALES (RLIN)
Nota local DONACION DR. Andres Gallardo Mayo 2018
655 ## - MATERIA - GENERO/FORMA
Género/Forma Literatura
-- 2917
942 ## - ADDED ENTRY ELEMENTS (KOHA)
Source of classification or shelving scheme Dewey Decimal Classification
Item type LITERATURA
Existencias
Estado de retiro Existencia Fuente de clasificación Estado general No para prestamo Colección Ubicación permanente ubicación actual Sala de ubicación Fecha de adquisición Fuente de adquisición Total Checkouts Total Renewals Número de clasificación Código de barras Date last seen Date last borrowed Número de ejemplar Price effective from Koha tipo de elemento (item) Public note
    Dewey Decimal Classification     Fiction Biblioteca Medicina Biblioteca Medicina Circulación 15/05/2018 Donacion 7 1 808 46 KIN 4238 28/05/2025 15/05/2025 Ej. 1 15/05/2018 LITERATURA DONACION DR. Andres Gallardo Mayo 2018

UNIVERSIDAD NACIONAL DEL COMAHUE
Biblioteca de la Facultad de Ciencias Médicas
Sede Toschi: Los Arrayanes y Av. Toschi, Cipolletti  - Rio Negro
Sede Los Tordos:  Yrigoyen al 2211, Cipolletti - Rio Negro 

Teléfono: 0299 - 4774707 int 25
Contacto: biblioteca@facimed.uncoma.edu.ar
© 2011 - 2026